| 000 | 00643nam a2200205 a 4500 | ||
|---|---|---|---|
| 005 | 20240504063738.0 | ||
| 008 | 991125s1980 bar 000 0 spa u | ||
| 020 | _a8425209471 | ||
| 035 | _aUPN01000033774 | ||
| 049 | _aCG | ||
| 050 | 4 |
_aT15 _bP348 |
|
| 100 | 1 | _aPacey, Arnold | |
| 245 | 1 | 3 |
_aEl laberinto del ingenio : _bideas e idealismo en el desarrollo de la tecnologĂa / _cArnold Pacey ; tr. Homero Alsina Thevenet. |
| 260 |
_aBarcelona Esp. : _bGustavo Gili, _c1980. |
||
| 300 |
_a346 p. : _bil |
||
| 440 | 0 | _aTecnologĂa y sociedad | |
| 650 | 4 |
_aCiencia _xHistoria _94695 |
|
| 650 | 4 |
_aTECNOLOGIA - _xHISTORIA _99785 |
|
| 905 | _aLibro | ||
| 999 |
_c33774 _d33774 |
||